Western civilizations, their history and their culture / (Record no. 13783)

000 -LEADER
fixed length control field 00750cam a2200241 a 4500
020 ## - INTERNATIONAL STANDARD BOOK NUMBER
ISBN 0393962067 (cloth)
020 ## - INTERNATIONAL STANDARD BOOK NUMBER
ISBN 9780393962062 (cloth)
020 ## - INTERNATIONAL STANDARD BOOK NUMBER
ISBN 0393962075 (v. 1 : pbk.)
020 ## - INTERNATIONAL STANDARD BOOK NUMBER
ISBN 9780393962079 (v. 1 : pbk.)
020 ## - INTERNATIONAL STANDARD BOOK NUMBER
ISBN 0393962083 (v. 2 : pbk.)
020 ## - INTERNATIONAL STANDARD BOOK NUMBER
ISBN 9780393962086 (v. 2 : pbk.)
040 ## - CATALOGING SOURCE
Transcribing agency DLC
082 ## - DEWEY DECIMAL CLASSIFICATION NUMBER
Classification number 909 NOR 1993 A102 Or.
100 1# - MAIN ENTRY--AUTHOR NAME
Personal name Lerner, Robert E.
245 10 - TITLE STATEMENT
Title Western civilizations, their history and their culture /
250 ## - EDITION STATEMENT
Edition statement 12th ed.
260 ## - PUBLICATION, DISTRIBUTION, ETC. (IMPRINT)
Place of publication New York :
Name of publisher Norton,
Year of publication c1993.
300 ## - PHYSICAL DESCRIPTION
Number of Pages xvii, 1092, xxviii p. :
Other physical details ill. (some col.), maps (some col.) ;
Dimensions 25 cm.
650 #0 - SUBJECT ADDED ENTRY--TOPICAL TERM
Topical Term Civilization, Western.
700 1# - ADDED ENTRY--PERSONAL NAME
Personal name Meacham, Standish.
700 1# - ADDED ENTRY--PERSONAL NAME
Personal name Burns, Edward McNall,
942 ## - ADDED ENTRY ELEMENTS (KOHA)
Koha item type សៀវភៅភាសាអង់គ្លេស
952 ## - LOCATION AND ITEM INFORMATION (KOHA)
Withdrawn status [LOCAL, KOHA] 0
Holdings
Permanent Location Date acquired Koha item type Lost status Shelving location Barcode Current Location Full call number
Library Block A2017-08-31សៀវភៅភាសាអង់គ្លេស A102A15809Library Block A909 NOR 1993 A102 Or.
មជ្ឈមណ្ឌលឯការនៃសាកលវិទ្យាល័យភូមិន្ទកសិកម្មចំការដូង

Powered by Koha